00886cam a22002171 450000100100000000500170001000800410002704000250006810000360009324500420012925000110017126000780018230000280026049000590028850400630034761000340041083000650044491000340050995201100054399900150065300000238720200929150206.0770426s1965 it a bc 000 0 ita  aDO-SdBNPbspacBNPHU1 aScuderi, Vincenzo,d1923-9758213aIl Museo nazionale Pepoli in Trapani. a2a ed. a[Roma] :bIstituto poligrafico dello Stato, Liberia dello Stato,c[1965]. a104 p. :bil. ;c19 cm.1 aItinerari dei musei, gallerie e monumenti d'Italiav46 a"Bibliografía essenziale inerente alle opere": p. 27-28.24aMuseo nazionale Pepoli.97583 0aItinerari dei musei, gallerie e monumenti d'Italiav4697584 aCatalogación por copia / LC 001052708MOaGRbGRcCTd2009-09-22iLF1l0o p2387-10r2020-06-25w2020-06-25y2ZPréstamo interno c2227d2227